| 000 | 01241cgm a2200301 4500 | ||
|---|---|---|---|
| 008 | 090401t1997 xxu||||| |||| 00| 0 eng d | ||
| 020 | _a1899769765 | ||
| 035 | _a(Sirsi) u79893 | ||
| 041 | _aeng | ||
| 050 | _a333.332 | ||
| 100 | _aBrunsdon, Mark | ||
| 245 | _aValuation of commercial property for secured lending: a CPD study pack. | ||
| 260 |
_aReading _bCollege of Estate Management _c1997 |
||
| 300 | _avi,42p. ; 30cm. | ||
| 350 | _a34.5 | ||
| 490 | _aCollege of Estate Management CPD Study Pack | ||
| 520 | _aA CPD study pack, which looks at these valuations as covered in the new Red Book. Acccompanied by an Owlion Audio Tape entitled "Valuation of Commercial Property for Secured Lending", which is also catalogued separately (E2685). Study pack produced with financial support from the RICS and the Harold Samuel Educational Trust. | ||
| 520 | _aSuperseded by second edition (ISBN 1904388078). | ||
| 650 | _aPROPERTY-COMMERCIAL PROPERTY | ||
| 650 | _aRICS APPRAISAL AND VALUATION MANUAL | ||
| 650 | _aREPORTING REQUIREMENTS | ||
| 650 | _aSECURED LENDING | ||
| 650 |
_aValuation _96273 |
||
| 690 | _aRATING AND VALUATION | ||
| 710 |
_aCollege of Estate Management _9400 |
||
| 942 | _n0 | ||
| 948 | _c25/07/1997 | ||
| 999 |
_c85354 _d85354 |
||